Statistics for Grease 2

Click here to take the quiz!

General Stats

  • This quiz has been taken 9 times
  • The average score is 3 of 12

Answer Stats

HintAnswer% Correct
What is the opening song calledBack to school
75%
Who sings Cool RiderSteph
75%
Who tryies to ride a motercycleMicheal
50%
What song does Jonny and the T Birds singProwlin
50%
Who wins the Bowling while singing Score TonightJonny
25%
What Teachers has lots of hairMiss Mason
25%
What Pink Lady gets a nose jobRhonda
25%
What is the one place where the scorpians cant goBowl a Rama
0%
Who is the Pink ladys mascotDoloris
0%
Why does Frenchy come back to RydellFor chemistry
0%
Who is summer in a girl for all seasonsPaulette
0%
Who is the principal of RydellPrincipal Mcgee
0%

Score Distribution

Percentile by Number Answered

Percent of People with Each Score

Your Score History

You have not taken this quiz